| 000 | 01115nam a22002897a 4500 | ||
|---|---|---|---|
| 005 | 20240530110435.0 | ||
| 008 | 150329s2009 ua ao f 000 0 ara d | ||
| 017 |
_a2007/26592 _bمصر . دار الكتب المصرية |
||
| 020 | _a9789770923078 | ||
| 040 | _aEG-CaGPL | ||
| 082 | 0 | 4 |
_221 _a390.008 _bق/ل أ |
| 100 | 1 | _aليدر ، س. هـ. | |
| 245 | 1 | 0 |
_aابناء الفراعنة المحدثون : _bدراسة لاخلاق اقباط مصر و عاداتهم / _cس. هـ. ليدر ؛ ترجمة احمد محمود |
| 250 | _aط2. | ||
| 260 |
_aالقاهرة : _bدار الشروق ، _c2009. |
||
| 300 |
_a379 ص : _bايض ؛ _c24 سم. |
||
| 650 | 0 | 4 |
_aالاقباط _zمصر |
| 650 | 0 | 4 | _aسلطة الكنيسة |
| 650 | 0 | 4 | _aالاساقفة |
| 650 | 0 | 4 | _aالتعميد |
| 650 | 0 | 4 | _aالاعياد المسيحية |
| 650 | 0 | 4 |
_aالاقباط _xالاحوال الاجتماعية _zمصر |
| 650 | 0 | 4 |
_aالمسيحيون _xعادات وتقاليد _zمصر |
| 700 | 0 |
_aاحمد محمود _eمترجم |
|
| 942 |
_2ddc _cBK |
||
| 999 |
_c60934 _d60934 |
||